00831nam a2200241 a 45000010005000000030009000050080041000140200015000550400028000700820017000981000081001152450066001962600048002623000010003106500037003206500025003576500026003826500034004086500034004426500035004766500047005116500031005589683CO-ViMGA141112s2004 ck r 000 u spa d a9586531538 aCO-ViMGAbspacCO-ViMGA04a340.072 G5161 aGiraldo Ángel ; Jaime, Giraldo López Monica, Giraldo López Alejandro, 10aMetodología y Tecnica de la Investigación SocioJurídica aSantafé de Bogotá : bLegis S.A, c1999 a190p.14aCONCEPTOS BASICOS DE ESTADISTICA14aDERECHO COMO CIENCIA14aInvestigación PENAL14aInvestigación SOCIOJURIDICA14aInvestigación SOCIOJURIDICA14aInvestigaciónES DESCRIPTIVAS14aOBJETO Y METODO EN LAS CIENCIAS CULTURALES14aRECOLECCION DE INFORMACION